| 000 | 00000nam##2200000za#4500 |
| 001 | 9.625840 |
| 003 | CaOODSP |
| 005 | 20200421163421 |
| 007 | ta |
| 008 | 150406|2001||||xxc||||| f|0| 0 fre|d |
| 020 | |a0-662-86463-8 |
| 040 | |aCaOODSP|bfre |
| 043 | |an-cn--- |
| 086 | 1 |aNH18-24/36F |
| 110 | 2 |aSociété canadienne d'hypothèques et de logement. |
| 245 | 10|aGuide sur la moisissure à l'intention des copropriétaires |
| 260 | |aOttawa - Ontario : |bSociété canadienne d'hypothèques et de logement |c2001. |
| 300 | |a8p. : |bill. ; |c28 cm. |
| 490 | 1 |aVotre maison |vCF36 |
| 563 | |aDépliant |
| 590 | |a01-46|b2001-11-16 |
| 691 | 07|aLogement|2gcpds |
| 691 | 07|aEntretien|2gcpds |
| 691 | 07|aChampignon|2gcpds |
| 775 | 08|tThe condominium owners' guide to mold |w(CaOODSP)9.615820 |
| 776 | 0#|tGuide sur la moisissure à l'intention des copropriétaires |w(CaOODSP)9.602242 |
| 830 | #0|aVotre maison ;|vCF36|w(CaOODSP)9.513181 |
| 986 | |a62342 |